000 00555nam a2200157 a 4500
001 000044261
005 20240422104515.0
008 140611s2003 dr 000 0 spa d
040 _aDO-SdBNP
_bspa
_cBNPHU
100 1 _aBaeza Flores, Alberto,
_d1914-1998
_97565
245 1 3 _aUn abrazo que une a dos pueblos :
_bMáximo Gómez y José Martí /
_cAlberto Baeza Flores.
260 _aSanto Domingo :
_bEducarte,
_c2003.
300 _a24 p. ;
_c21 cm.
490 1 _aCuadernos educativos y culturales
_v19
830 0 _aCuadernos educativos y culturales
_v19
_955465
999 _c43750
_d43750